000 01144cam a2200253 a 4500
001 32746087
003 OSt
005 20150408114143.0
008 950612s1995 maua b 001 0 eng
020 _a9788184890891
040 _aMa-Un
050 0 0 _aTK7895.E42
_bG86 1995
082 0 0 _a629.89
100 1 _aGupta, Rajesh Kumar,
_d1961-
_938168
245 1 0 _aCo-synthesis of hardware and software for digital embedded systems /
_cby Rajesh Kumar Gupta ; [foreword by Giovanni De Micheli]
260 _aBoston :
_bKluwer Academic Publishers,
_cc1995.
300 _a266 p. :
_bill. ;
_c25 cm.
490 1 _aThe Kluwer international series in engineering and computer science ;
_vSECS 329.
_aVLSI, computer architecture and digital signal processing.
504 _aIncludes bibliographical references (p. [239]-250) and index.
650 0 _aEmbedded computer systems.
_94771
830 0 _aKluwer international series in engineering and computer science ;
_vSECS 329.
_938169
830 0 _aKluwer international series in engineering and computer science.
_pVLSI, computer architecture, and digital signal processing.
_938170
942 _2ddc
_cBOOK
999 _c31391
_d265891